000 00629nam a2200229 i 4500
001 C2-0279497
003 PPAK
005 20180728010705.0
008 070429s2006 nyua|||| ||||| | eng d
020 _a0762105453
040 _aPPAK
_beng
_cPPAK
_erda
082 0 4 _a817.508
_223
090 0 0 _a817.508
_bLAU
_dR
245 0 0 _aLaughter is the best medicine
264 1 _aNew York :
_bReader's Digest ,
_c2006
300 _a366 pages :
_bcolour illustrations ;
_c23 cm
336 _2rdacontent
_atext
337 _2rdamedia
_aunmediated
338 _2rdacarrier
_avolume
650 1 0 _aAmerican wit and humor.
942 _ddc
_cB
999 _c86128
_d86128